000 00548nam a2200205Ia 4500
005 20250508165046.0
008 008 250505s9999 xx 000 0 hin d
037 _aTextual
040 _aFEDL
_beng
_cFEDL
041 _ahin
_2hin
084 _a891.430 92, GUP
_qFEDL
100 _aGupta Parkash Chandra
_9779825
245 0 _aPremchand
260 _aNew Delhi, India
_bSahitya Akademi
_c1992
300 _a63p.
365 _aINR
_b15
546 _aMACESE
942 _cTEXL
_h891.430 92, GUP
999 _c1392888
_d1392888